000 01228nam a2200301 a 4500
001 000040706
003 DO-SdBPM
005 20260420091156.0
007 ta
008 090702s2014 dr 000 0 spa d
040 _aDO-SdBNP
_bspa
_cBPMSU
_drda
082 4 _a348.7293046
_bR426r, 2013
_222
110 1 _aRepública Dominicana
_bSuprema Corte de Justicia.
245 1 0 _aRecopilación jurisprudencial integrada :
_bde las decisiones del tribunal constitucional de la Dominicana (sentencias año 2013) /
_cL. Almanzor González Canahuate [compilador].
264 _aSanto Domingo :
_bSuprema Corte de Justicia ,
_c2014
300 _avs. ;
_c24 cm.
336 _atexto
_btxt
_2rdacontent
337 _asin mediación
_bn
_2rdamedia
338 _avolumen
_bnc
_2rdacarrier
505 0 _av.1: parte I -- v.2 : Parte II
590 _aInventariado, 2026/VM
610 1 7 _aRepública Dominicana
_bSuprema Corte de Justicia
_x
650 7 _aJurisprudencia
_zRepública Dominicana
_xRecopilaciones, repertorios, etc.
650 7 _aSentencias
_zRepública Dominicana
_xRecopilaciones, repertorios, etc.
700 1 _aGonzález Canahuate, L. Almanzor,
_ecompilador
910 _aVMateo V. Control de calidad BPMSU
942 _2ddc
_cBK
999 _c15781
_d15781